000 00303nam a22001217a 4500
008 171124b xxu||||| |||| 00| 0 eng d
041 _aeng
080 _a72
100 _a41
101 _aARK
245 _aTHE PHAIDON ATLAS OF CONTEMPORARY WORLD ARCHITECTURE TRAVEL EDITION
_cPHAIDON
942 _2udc
_cBK
999 _c38432
_d38432